000 00757nam a2200193 i 4500
001 97447
003 ES-MaACL
005 20230906182113.0
007 t|
008 050712m19661970sp ||||1| spa d
100 1 _aMarcos de Lanuza, Julio.
_976527
245 1 0 _aNutrición hidropónica con microelementos /
_cJulio Marcos de Lanuza.
260 _aMadrid :
_bInstituto Forestal de Investigaciones y Experiencias,
_c1966-1970.
300 _a2 v. :
_blám. col., grab. ;
_c25 cm.
505 8 _aContiene: V.I-- Manganeso, boro, molibdeno en pinus radiata. V.II-- Hierro, zinc y cobre en pinus radiata.
650 4 _aHidropónica.
_9169056
710 2 _aInstituto Forestal de Investigaciones y Experiencias.
_95059
852 _aES-MaACL
_jP-1125-bis
_bR.61649
999 _c97447
_d97447